Movies Quiz

Random Movies or Actor Quiz

Biopic Picture Pairs Quiz Stats

 Plays Quiz Updated Jan 10, 2019

Support Sporcle.
Go Orange.
Score 0/30 Timer 06:00
5 Plays Today
% Correct
George W. Bush in 'W'
97.5%
Mohandas Gandhi in 'Gandhi'
84.5%
Margaret Thatcher in 'The Iron Lady'
84.3%
Ray Charles in 'Ray'
84%
Meryl Streep as
83.4%
Reese Witherspoon as
81.6%
Russell Crowe as
79.3%
Mark Zuckerberg in 'The Social Network'
78%
Buddy Holly in 'The Buddy Holly Story'
75.5%
Jamie Foxx as
75%
George Patton in 'Patton'
68%
Colin Firth as
66.7%
June Carter Cash in 'Walk the Line'
64.5%
Ben Kingsley as
64%
Robert De Niro as
63.5%
% Correct
Jimmy Stewart as
51.3%
Jesse Eisenberg as
51.2%
Josh Brolin as
50.4%
Sissy Spacek as
49.3%
Jake LaMotta in 'Raging Bull'
47.4%
Ritchie Valens in 'La Bamba'
45.7%
George C. Scott as
45.5%
George VI in 'The King's Speech'
43.6%
Lou Diamond Phillips as
41.3%
Loretta Lynn in 'Coal Miner's Daughter'
40.6%
Charles Lindbergh in 'The Spirit of St. Louis'
40.4%
Paul Giamatti as
39%
Gary Busey as
33.4%
John Nash in 'A Beautiful Mind'
32%
Harvey Pekar in 'American Splendor'
7.1%

From the Vault

Sunday Crossword: Four Houses

by Purple_Parrot

Four houses seems a little excessive.
Remove Ads.
Support Sporcle.
Get the best of Sporcle when you Go Orange. This ad-free experience offers more features, more stats, and more fun while also helping to support Sporcle. Thank you for becoming a member.

Show Comments

Extras

Top Quizzes Today


Score Distribution

Your Account Isn't Verified!

In order to create a playlist on Sporcle, you need to verify the email address you used during registration. Go to your Sporcle Settings to finish the process.

Report this User

Report this user for behavior that violates our Community Guidelines.

Details: